000 00956nam a2200253 a 4500
001 000022503
005 20260527074041.0
008 101012s1994 dr 000 0 spa d
040 _aDO-SdBNP
_bspa
_cBNPHU
082 _a324.2
_bA779c
100 1 _aArroyo, Evelio,
_d1958-
_97329
245 1 0 _aCrisis, líderes y partidos /
_cEvelio Arroyo ; prólogo Abraham Medina.
260 _aSanto Domingo :
_bDiálogo,
_c1994.
300 _a199 p. ;
_c21 cm.
490 1 _aSociedad y política ;
500 _aIncluye datos biográficos del autor en la solapa de la cubierta
504 _aIncluye referencias bibliográficas y notas al pie de las páginas
650 0 _aPartidos políticos
_zRepública Dominicana
_9285
650 0 _aElecciones
_96411
651 4 _aRepública Dominicana
_xPolítica Y Gobierno
_y1961-
_9204
700 1 2 _aMedina, Abraham,
_epról.
_96361
830 0 _aSociedad y política ;
_946351
910 _aValidado. Control de calidad. MFF
999 _c22001
_d22001